[Event "XIV Festival"]
[Site "Padova ITA"]
[Date "2011.12.17"]
[Round "8"]
[White "Bove, Alessandro"]
[Black "Naumkin, Igor"]
[WhiteElo "2369"]
[BlackElo "2432"]
[Result "0-1"]
[PlyCount "62"]
[EventDate "2011.12.11"]

1. Nf3 Nf6 2. c4 e6 3. g3 d5 4. Bg2 Be7 5. O-O O-O 6. d4 dxc4 7. Qc2 a6 8. a4
Nc6 9. Qxc4 Qd5 10. Qd3 Rd8 11. Nc3 Qh5 12. Qc4 Bd7 13. Bf4 Rac8 14. Ne5 Nxe5
15. dxe5 Ng4 16. h3 Nxe5 17. Qb3 Ng6 18. Be3 Bc6 19. a5 Bxg2 20. Kxg2 Bf6 21.
Qxb7 Bxc3 22. bxc3 Qxe2 23. Rfd1 h5 24. Rxd8+ Rxd8 25. Qxc7 Rd5 26. Rb1 Ne5 27.
Qb8+ Kh7 28. Qb4 Qf3+ 29. Kg1 Rb5 30. Qxb5 axb5 31. a6 Qf5 0-1

[Event "XIV Festival"]
[Site "Padova ITA"]
[Date "2011.12.17"]
[Round "8"]
[White "Djuric, Stefan"]
[Black "Zufic, Miroslav"]
[WhiteElo "2459"]
[BlackElo "2409"]
[Result "0-1"]
[PlyCount "96"]
[EventDate "2011.12.11"]

1. c4 e5 2. g3 Nf6 3. Bg2 d5 4. cxd5 Nxd5 5. Nc3 Nb6 6. Nf3 Nc6 7. O-O Be7 8.
d3 O-O 9. a3 Be6 10. b4 f6 11. Bb2 a5 12. b5 Nd4 13. Nd2 c6 14. bxc6 Nxc6 15.
Rb1 Rf7 16. Kh1 Qd7 17. Ba1 Ra6 18. Na4 Nxa4 19. Qxa4 Bd5 20. Nc4 Bxg2+ 21.
Kxg2 Bf8 22. Rfc1 Qd5+ 23. f3 Na7 24. Qb3 a4 25. Qb2 b5 26. Ne3 Qe6 27. g4 Rb7
28. Nc2 Nc6 29. Nb4 Bxb4 30. axb4 Nd4 31. Rc3 Rbb6 32. Rbc1 Rc6 33. Rc5 Nb3 34.
R1c3 Rxc5 35. bxc5 h6 36. Rc2 Rc6 37. e4 Kh7 38. Qa3 Qd7 39. Rc3 Nxa1 40. Qxa1
Qd4 41. Qc1 Qb4 42. f4 exf4 43. Rc2 a3 44. Qxf4 Rxc5 45. Rd2 Qd4 46. Qb8 Qe3
47. Rf2 Qxd3 48. Qf4 Re5 0-1

[Event "XIV Festival"]
[Site "Padova ITA"]
[Date "2011.12.17"]
[Round "8"]
[White "Fercec, Nenad"]
[Black "Arnaudov, G. Petar"]
[WhiteElo "2451"]
[BlackElo "2477"]
[Result "1-0"]
[PlyCount "111"]
[EventDate "2011.12.11"]

1. e4 e5 2. Nf3 Nc6 3. d4 exd4 4. Nxd4 Qf6 5. Nb5 Bc5 6. Qe2 Bb6 7. N1c3 Ba5 8.
Bd2 a6 9. Na3 b5 10. O-O-O Nge7 11. Nd5 Bxd2+ 12. Qxd2 Nxd5 13. exd5 Ne7 14. d6
Qxd6 15. Qxd6 cxd6 16. Rxd6 Nf5 17. Rd2 Bb7 18. Bd3 Nd4 19. Re1+ Ne6 20. Be4
Bc6 21. c3 O-O-O 22. Nc2 Nc5 23. Bxc6 dxc6 24. Nd4 Rhe8 25. Rxe8 Rxe8 26. Nxc6
Re1+ 27. Kc2 Ne4 28. Rd1 Rxd1 29. Kxd1 Nxf2+ 30. Ke2 Ne4 31. Ke3 Nd6 32. Kd4
Kc7 33. Ne5 f6 34. Nd3 Kc6 35. Nb4+ Kb6 36. Kd5 Nc4 37. Nd3 Ne3+ 38. Ke6 Nxg2
39. Kf7 g5 40. Kxf6 Nh4 41. Ne5 h6 42. Kg7 h5 43. Kh6 g4 44. Kxh5 Nf3 45. Nxg4
Kc5 46. h3 Kc4 47. Nf2 a5 48. Kg4 Ne5+ 49. Kf5 Nf3 50. Ke4 Nh4 51. Nd3 a4 52.
Ne5+ Kc5 53. Nf3 Ng6 54. h4 a3 55. b4+ Kc4 56. Ne5+ 1-0

[Event "XIV Festival"]
[Site "Padova ITA"]
[Date "2011.12.17"]
[Round "8"]
[White "Kosic, Dragan"]
[Black "Solodovnichenko, Yuri"]
[WhiteElo "2502"]
[BlackElo "2629"]
[Result "1/2-1/2"]
[PlyCount "176"]
[EventDate "2011.12.11"]

1. d4 d5 2. c4 e6 3. Nf3 Nf6 4. Nbd2 c5 5. cxd5 exd5 6. dxc5 Bxc5 7. e3 O-O 8.
Nb3 Bd6 9. Be2 Nc6 10. O-O Bc7 11. Nbd4 Ne4 12. Bd2 Nxd4 13. Nxd4 Qd6 14. g3
Bh3 15. Re1 Qf6 16. Bf3 Bg4 17. Bb4 Rfe8 18. Rf1 Bh3 19. Bg2 Bxg2 20. Kxg2 Bb6
21. Rc1 Rac8 22. Rxc8 Rxc8 23. Qg4 Rc4 24. Qd7 Qd8 25. Qxd8+ Bxd8 26. Ba3 Bb6
27. b3 Rc3 28. Rc1 Bxd4 29. exd4 f6 30. f3 Rxc1 31. Bxc1 Nd6 32. Kf2 Kf7 33. g4
Ke6 34. Bf4 Nc8 35. h4 g6 36. Ke3 h5 37. Bb8 a6 38. gxh5 gxh5 39. Kd3 Ne7 40.
Bg3 Nc6 41. a3 Ne7 42. Kc3 Kd7 43. Kd3 Kc6 44. Be1 Kb5 45. Kc3 Nf5 46. Kd3 Kc6
47. Bf2 Nd6 48. Bg3 Nb5 49. a4 Na7 50. Be1 Nc8 51. Bb4 Kd7 52. Bc5 b6 53. Bb4
Na7 54. Be1 a5 55. Bg3 Nc6 56. Kc3 Ne7 57. Kd3 Kc6 58. Be1 Nf5 59. Bf2 Kb7 60.
Be1 Ka6 61. Bf2 b5 62. Be1 Kb6 63. Bf2 Ne7 64. Ke3 Ng6 65. Be1 f5 66. Bf2 Kb7
67. Be1 Ka6 68. Bf2 f4+ 69. Kd3 Ne7 70. Be1 Nf5 71. Bf2 Nd6 72. Be1 Nc8 73. Kc3
Ne7 74. Kd3 Nf5 75. Bf2 Kb7 76. Be1 Kb6 77. Bf2 Ka6 78. Kd2 Nd6 79. Kc3 Nc8 80.
Be1 bxa4 81. bxa4 Nb6 82. Kb3 Nc4 83. Kc3 Ne3 84. Kd3 Kb6 85. Kc3 Kc6 86. Kd3
Nc4 87. Kc3 Kd6 88. Bd2 Nxd2 1/2-1/2

[Event "XIV Festival"]
[Site "Padova ITA"]
[Date "2011.12.17"]
[Round "8"]
[White "Laketic, Gojko"]
[Black "Lazic, Miroljub"]
[WhiteElo "2444"]
[BlackElo "2459"]
[Result "0-1"]
[PlyCount "68"]
[EventDate "2011.12.11"]

1. d4 d5 2. c4 c6 3. Nc3 Nf6 4. Nf3 e6 5. Bg5 h6 6. Bh4 dxc4 7. e4 g5 8. Bg3 b5
9. Be2 Bb7 10. O-O Nbd7 11. Ne5 Bg7 12. Nxf7 Kxf7 13. e5 Nd5 14. Bh5+ Kg8 15.
a4 Nxc3 16. bxc3 a6 17. Qg4 Qe7 18. h4 Rf8 19. f4 gxf4 20. Rxf4 Rxf4 21. Bxf4
Nf8 22. Rf1 Bc8 23. Be3 Bd7 24. Qf3 Be8 25. Bxe8 Qxe8 26. h5 Rh7 27. axb5 axb5
28. Bc1 Bh8 29. Qg4+ Rg7 30. Qf3 Rf7 31. Qxf7+ Qxf7 32. Rxf7 Kxf7 33. Bxh6 Nd7
34. Bd2 c5 0-1

[Event "XIV Festival"]
[Site "Padova ITA"]
[Date "2011.12.18"]
[Round "9"]
[White "Litrico, Paolo"]
[Black "Djuric, Stefan"]
[WhiteElo "1946"]
[BlackElo "2459"]
[Result "1/2-1/2"]
[PlyCount "108"]
[EventDate "2011.12.11"]

1. d4 Nf6 2. Nf3 g6 3. Nc3 Bg7 4. e4 d6 5. Be3 O-O 6. Qd2 b6 7. Bh6 Bb7 8. Bd3
c5 9. d5 e5 10. h4 Bxh6 11. Qxh6 Ng4 12. Qd2 h5 13. Ng5 Ba6 14. f3 Nf6 15. Bxa6
Nxa6 16. g4 Nc7 17. O-O-O Kg7 18. Rdg1 Rh8 19. Ne2 Qd7 20. Ng3 Rag8 21. gxh5
Nxh5 22. Nxh5+ Rxh5 23. f4 exf4 24. Qxf4 f6 25. Nf3 Ne8 26. Rh2 Kh7 27. Rhg2 b5
28. Rg4 a5 29. Qd2 b4 30. Qd3 a4 31. e5 Qf5 32. exf6 Qxd3 33. cxd3 Nxf6 34.
Ng5+ Kh8 35. Rc4 Nxd5 36. Nf7+ Kh7 37. Nxd6 Rd8 38. Nf7 Rf8 39. Ng5+ Kh8 40.
Rxc5 Nf4 41. Rd1 Rxh4 42. d4 Rh2 43. d5 b3 44. a3 Ne2+ 45. Kb1 Rff2 46. d6 Nc3+
47. Rxc3 Rxb2+ 48. Kc1 Ra2 49. Kb1 Rab2+ 50. Kc1 Ra2 51. Kb1 Rab2+ 52. Kc1 Ra2
53. Rh3+ Rxh3 54. d7 Rhh2 1/2-1/2

[Event "XIV Festival"]
[Site "Padova ITA"]
[Date "2011.12.18"]
[Round "9"]
[White "Naumkin, Igor"]
[Black "Bellini, Fabio"]
[WhiteElo "2432"]
[BlackElo "2513"]
[Result "1-0"]
[PlyCount "111"]
[EventDate "2011.12.11"]

1. d4 d5 2. c4 e6 3. Nf3 Nf6 4. Bg5 Be7 5. Nc3 O-O 6. e3 Nbd7 7. Rc1 dxc4 8.
Bxc4 a6 9. a4 c5 10. O-O cxd4 11. exd4 Nb6 12. Ba2 Bd7 13. Ne5 Bc6 14. Qd3 Nfd5
15. Bb1 g6 16. Bh6 Bg5 17. Bxg5 Qxg5 18. Ne4 Qe7 19. Nxc6 bxc6 20. a5 Nd7 21.
Qd2 Rfc8 22. Rc4 Rab8 23. Rfc1 Kg7 24. g3 Rc7 25. Rxc6 Rcb7 26. R6c2 Qb4 27.
Ba2 Qxd2 28. Rxd2 Rxb2 29. Rxb2 Rxb2 30. Bxd5 exd5 31. Nd6 Nf6 32. f3 Ng8 33.
Rc6 Ne7 34. Rxa6 Ra2 35. g4 Ra4 36. Ne8+ Kf8 37. Nf6 Rxd4 38. Nxh7+ Kg7 39. Nf6
Rf4 40. g5 d4 41. Kf2 Rh4 42. Ng4 Nf5 43. Ra8 Rh5 44. Rg8+ Kxg8 45. Nf6+ Kf8
46. Nxh5 Ne7 47. a6 Nc6 48. Nf4 Ke7 49. Ne2 d3 50. Nc3 Kd6 51. Nb5+ Ke5 52. Ke3
d2 53. Kxd2 Kf4 54. h4 Kg3 55. Ke3 Kxh4 56. Kf4 1-0

[Event "XIV Festival"]
[Site "Padova ITA"]
[Date "2011.12.18"]
[Round "9"]
[White "Solodovnichenko, Yuri"]
[Black "Epishin, Vladimir V."]
[WhiteElo "2629"]
[BlackElo "2543"]
[Result "1/2-1/2"]
[PlyCount "69"]
[EventDate "2011.12.11"]

1. e4 c5 2. Nf3 a6 3. c4 e6 4. Nc3 Qb6 5. d4 cxd4 6. Nxd4 Nc6 7. Nxc6 Qxc6 8.
Be2 Bb4 9. O-O Ne7 10. Na4 Ba5 11. c5 Bc7 12. Bf3 Ng6 13. g3 Ne5 14. Bg2 Rb8
15. b3 d6 16. cxd6 Qxd6 17. Qxd6 Bxd6 18. Rd1 Bb4 19. Bf4 f6 20. Rac1 b5 21.
Nb6 O-O 22. Nxc8 Rfxc8 23. Bh3 Kf7 24. Bxe5 fxe5 25. Rd7+ Be7 26. Rcc7 Rxc7 27.
Rxc7 Rb6 28. Bf1 Kf6 29. a4 bxa4 30. bxa4 Rb4 31. a5 Bd8 32. Rc5 Rxe4 33. Bxa6
Ra4 34. Bc4 Rxa5 35. Rxa5 1/2-1/2